Die 46 erfolgreichsten Filmreihen - Statistiken

Allgemein
  • Dieses Quiz wurde 550 mal gespielt
  • Das Durchschnittsergebnis liegt bei 29 aus 46
Antwortstatistiken
Hinweise Filme Filmreihe % Korrekt
🔸Martini 🔸007 26 James Bond
98%
🔸Fledermaus 🔸Robin 14 Batman
94%
🔸Spinne🔸Superheld 11 Spider - Man
94%
🔸Lichtschwerter 🔸Jedi 9 Star Wars | Krieg der Sterne
94%
🔸Enterprise 🔸🖖 13 Star Trek - Raumschiff Enterprise
91%
🔸Ring🔸Gefährten 3 Der Herr der Ringe
87%
🔸Street - Racing🔸Vin Diesel 11 Fast & Furious
87%
🔸Piraten 🔸Barbossa 5 Fluch der Karibik
85%
🔸Zauberei🔸Schlammblut 8 Harry Potter
84%
🔸6 Phasen 🔸Superhelden 38 Marvel Universum (MCU)
83%
🔸Pixar🔸Spielzeug 4 Toy Story
82%
🔸Dinosaurier 🔸R. Attenborough 3 Jurassic Park
78%
🔸Schatzjäger🔸Peitsche 5 Indiana Jones
77%
🔸Pandora🔸Farbe: blau 5 Avatar
75%
🔸Sylvester 🔸Boxen 9 Rocky
75%
🔸A. Schwarzenegger 🔸Maschinen 6 Terminator
74%
🔸Bilbo🔸Smaug 3 Der Hobbit
72%
🔸Zeitreise🔸DeLorean 3 Zurück in die Zukunft
72%
🔸Bumblebee 🔸Shia LaBeouf 8 Transformers
70%
🔸Hungerspiele🔸weiße Rose 5 Die Tribute von Panem
68%
🔸Ende Oktober
🔸Michael Myers
13 Halloween
68%
🔸Tom Cruise 🔸Agenten 8 Mission: Impossible
68%
🔸Apfelkuchen🔸Teenager 9 American Pie
67%
🔸Superman🔸Aquaman usw. 11 DC Universum
66%
🔸Animation 🔸Oger 4 Shrek
65%
🔸Indianer🔸Old Shatterhand 11 Winnetou
63%
🔸Wolverine 🔸Mutanten 13 X - Men
63%
🔸Chris Pratt 🔸Dinosaurier 3 Jurassic World
62%
🔸Vampire🔸Liebespaar 5 Twilight
60%
🔸Keanu Reeves 🔸Sonnenbrille 4 Matrix
58%
🔸Action🔸Bruce Willis 5 Stirb langsam
58%
🔸11,12,13,8🔸George Clooney 4 Ocean's
56%
🔸Jason 🔸Pechtag 12 Freitag der 13.
54%
🔸Todesfallen🔸Serienmörder 9 Saw
48%
🔸Prinz Kaspian 🔸Wandschrank 3 Die Chroniken von Narnia
47%
🔸Animation 🔸prähistorisch 6 Ice Age
44%
🔸Christian Bale🔸Joker 3 The Dark Knight
43%
🔸Außerirdische🔸Sigourney Weaver 7 Alien
40%
🔸Matt Damon 🔸Verschwörung 5 Bourne
38%
🔸Freddy 🔸Slasher 9 Nightmare On Elm Street
37%
🔸"rollige" Jungs🔸kalte Süßspeise 8 + Eis am Stiel
27%
🔸Ägypten 🔸Drachenkaiser 3 Die Mumie
26%
🔸Zombies 🔸Videospiel 6 Resident Evil
19%
🔸Nonne🔸Vera Farmiga 9 Conjuring
17%
🔸Mel Gibson 🔸Polizei 4 Lethal Weapon
16%
🔸Kannibalismus 🔸Holzfällerlager 7 Wrong Turn
7%
Keine übereinstimmenden Quizze gefunden
Verteilung der Resultate
Anzahl Personen mit jedem Resultat
Perzentil nach korrekt beantworteten Fragen
Ihre Resultats-Entwicklung
Sie haben dieses Quiz noch nicht gespielt